| 000 | 01024nam a2200253 a 4500 | ||
|---|---|---|---|
| 001 | BRCA_225 | ||
| 005 | 20190320202926.0 | ||
| 008 | 790815s1978 mx-a---##b---#000-0#spa-# | ||
| 041 | _aspa | ||
| 044 | _amx | ||
| 050 | 4 |
_aF1435 _b.C36 1978 |
|
| 100 | 1 |
_aCatherwood, Frederick _9771 |
|
| 245 | 1 | 0 |
_aVisión del mundo maya, 1844 _cFrederick Catherwood ; introducción Alberto Ruz Lhuillier ; biografía del artista Dolores Plunket. |
| 260 |
_aMéxico _bCartón y Papel de México _c1978 |
||
| 300 |
_a100 p. _bil. (algunas a color) _c47 cm. |
||
| 500 | _aTexto en: español e inglés | ||
| 500 | _aTextos y litografías publicadas originalmente con las opiniones de los autores sobre monumentos antiguos en América Central, Chiapas y Yucatán. | ||
| 504 | _aBibliografia: p. 105 | ||
| 650 | 1 | 4 |
_aAmérica Central _eAntigüedades _vTrabajos Ilustrados _9772 |
| 650 | 1 | 4 |
_aMayas _eAntigüedades _vTrabajos Ilustrados _9773 |
| 700 | 1 |
_aRuz Lhuillier, Alberto, _d1906- _9774 |
|
| 700 | 1 |
_aPlunket, Dolores _9775 |
|
| 942 |
_2lcc _cB |
||
| 999 |
_c183 _d183 |
||